| 000 | 00495cam a22001814a 4500 | ||
|---|---|---|---|
| 005 | 20250605164302.0 | ||
| 008 | 250528s ||||||||||||||||||||||||d | ||
| 035 | _a22116 | ||
| 040 |
_aGR-AtMCL _bgre _dGR-AtMCL _eAACR2 |
||
| 245 | 1 | _aΜΗΧΑΝΗΜΑΤΑ ΤΕΧΝΙΚΩΝ ΕΡΓΩΝ | |
| 250 | _a1 | ||
| 260 |
_bΑ.Τ.Ε.Ι. Θεσσαλονικης, _c2007 |
||
| 300 | _a177 | ||
| 700 | 1 |
_aΤσιογκας Κωστας Νικ _97995 |
|
| 942 | _cBK | ||
| 999 |
_c7172 _d7172 |
||